| LEADER | 00448nam a2200133 i 4500 | ||
|---|---|---|---|
| 003 | GR-PaULI | ||
| 005 | 20210117211025.0 | ||
| 008 | 200109b ||||| |||| 00| 0 eng d | ||
| 952 | |0 0 |1 0 |2 ddc |4 0 |7 0 |9 238125 |a THST |b THST |d 2020-01-09 |i 780.15 ΜΜΑ |l 1 |p 025000264595 |r 2020-01-16 00:00:00 |s 2020-01-09 |t 1 |v 2020.00 |w 2020-01-09 |y BK15 | ||
| 999 | |c 143912 |d 143912 | ||
| 040 | |a GR-PaULI |c GR-PaULI | ||
| 245 | |a Όπερα των σκιών | ||
| 300 | |a 70 σ. | ||
| 942 | |2 ddc |c BK15 | ||